| 000 | 00702nam a22002055i 4500 | ||
|---|---|---|---|
| 001 | 151773 | ||
| 003 | ES-MaACL | ||
| 005 | 20250809031525.0 | ||
| 008 | 051005s1862 fr | |||||||| ||fre d | ||
| 040 |
_aCAM _bspa _cCAM |
||
| 100 | 1 |
_aBédarride, J. _9126256 |
|
| 245 | 1 | 0 |
_aDes achats et ventes / _cpar J. Bédarride. |
| 260 |
_aParis : _bAuguste Durand ; _aAix : _bRemondet-Aubin, _c1862. |
||
| 300 |
_a464 p. ; _c22 cm. |
||
| 490 | 1 |
_aDroit commercial. Commentaire du Code de Commerce ; _v7 |
|
| 650 | 7 |
_aDerecho mercantil _2embne _9135891 |
|
| 830 | 0 |
_aDroit commercial. Commentaire du Code de Commerce ; _v7 _9187673 |
|
| 852 |
_aES-MaACL _jG-14179 _z-- Enc. hol. |
||
| 999 |
_c151773 _d151773 |
||